00270nam a22000977a 4500020001900000082001800019100002300037245005300060260004900113300001000162 a12455833911518 a8M0.09bHUS/C aHussain Randathani aCheriya Valiya Karyangal/cby Hussain Randathani aKozhikode:bPoonkavanam Publications,c2014. a160p.